<?xml version="1.0" encoding="UTF-8"?>
<record
    xmlns:xsi="http://www.w3.org/2001/XMLSchema-instance"
    xsi:schemaLocation="http://www.loc.gov/MARC21/slim http://www.loc.gov/standards/marcxml/schema/MARC21slim.xsd"
    xmlns="http://www.loc.gov/MARC21/slim">

  <leader>00313nam a22001457a 4500</leader>
  <controlfield tag="003">OSt</controlfield>
  <controlfield tag="005">20220215092054.0</controlfield>
  <controlfield tag="008">220215b        |||||||| |||| 00| 0 eng d</controlfield>
  <datafield tag="020" ind1=" " ind2=" ">
    <subfield code="a">0340720182</subfield>
  </datafield>
  <datafield tag="040" ind1=" " ind2=" ">
    <subfield code="c">HU</subfield>
  </datafield>
  <datafield tag="082" ind1=" " ind2=" ">
    <subfield code="2">5th</subfield>
    <subfield code="a">628</subfield>
  </datafield>
  <datafield tag="100" ind1=" " ind2=" ">
    <subfield code="a">Twort</subfield>
    <subfield code="9">30458</subfield>
  </datafield>
  <datafield tag="245" ind1=" " ind2=" ">
    <subfield code="a">Water Supply </subfield>
  </datafield>
  <datafield tag="942" ind1=" " ind2=" ">
    <subfield code="2">ddc</subfield>
    <subfield code="c">BOOKS</subfield>
    <subfield code="n">0</subfield>
  </datafield>
  <datafield tag="999" ind1=" " ind2=" ">
    <subfield code="c">30287</subfield>
    <subfield code="d">30287</subfield>
  </datafield>
  <datafield tag="952" ind1=" " ind2=" ">
    <subfield code="0">0</subfield>
    <subfield code="1">0</subfield>
    <subfield code="2">ddc</subfield>
    <subfield code="4">0</subfield>
    <subfield code="7">0</subfield>
    <subfield code="a">006</subfield>
    <subfield code="b">006</subfield>
    <subfield code="c">GEN</subfield>
    <subfield code="d">2022-02-15</subfield>
    <subfield code="l">0</subfield>
    <subfield code="o">628/TWO/2000</subfield>
    <subfield code="p">IOTL0012549</subfield>
    <subfield code="r">2022-02-15 00:00:00</subfield>
    <subfield code="t">1</subfield>
    <subfield code="w">2022-02-15</subfield>
    <subfield code="y">BOOKS</subfield>
  </datafield>
  <datafield tag="952" ind1=" " ind2=" ">
    <subfield code="0">0</subfield>
    <subfield code="1">0</subfield>
    <subfield code="2">ddc</subfield>
    <subfield code="4">0</subfield>
    <subfield code="7">0</subfield>
    <subfield code="a">006</subfield>
    <subfield code="b">006</subfield>
    <subfield code="c">GEN</subfield>
    <subfield code="d">2022-02-15</subfield>
    <subfield code="l">0</subfield>
    <subfield code="o">628/TWO/2000</subfield>
    <subfield code="p">IOTL0012550</subfield>
    <subfield code="r">2022-02-15 00:00:00</subfield>
    <subfield code="t">2</subfield>
    <subfield code="w">2022-02-15</subfield>
    <subfield code="y">BOOKS</subfield>
  </datafield>
  <datafield tag="952" ind1=" " ind2=" ">
    <subfield code="0">0</subfield>
    <subfield code="1">0</subfield>
    <subfield code="2">ddc</subfield>
    <subfield code="4">0</subfield>
    <subfield code="7">0</subfield>
    <subfield code="a">006</subfield>
    <subfield code="b">006</subfield>
    <subfield code="c">GEN</subfield>
    <subfield code="d">2022-02-15</subfield>
    <subfield code="l">0</subfield>
    <subfield code="o">628/TWO/2000</subfield>
    <subfield code="p">IOTL0012551</subfield>
    <subfield code="r">2022-02-15 00:00:00</subfield>
    <subfield code="t">3</subfield>
    <subfield code="w">2022-02-15</subfield>
    <subfield code="y">BOOKS</subfield>
  </datafield>
  <datafield tag="952" ind1=" " ind2=" ">
    <subfield code="0">0</subfield>
    <subfield code="1">0</subfield>
    <subfield code="2">ddc</subfield>
    <subfield code="4">0</subfield>
    <subfield code="7">0</subfield>
    <subfield code="a">006</subfield>
    <subfield code="b">006</subfield>
    <subfield code="c">GEN</subfield>
    <subfield code="d">2022-03-25</subfield>
    <subfield code="l">0</subfield>
    <subfield code="o">628/TWO/2000</subfield>
    <subfield code="p">IOTL0018843</subfield>
    <subfield code="r">2022-03-25 00:00:00</subfield>
    <subfield code="t">4</subfield>
    <subfield code="w">2022-03-25</subfield>
    <subfield code="y">BOOKS</subfield>
  </datafield>
  <datafield tag="952" ind1=" " ind2=" ">
    <subfield code="0">0</subfield>
    <subfield code="1">0</subfield>
    <subfield code="2">ddc</subfield>
    <subfield code="4">0</subfield>
    <subfield code="7">0</subfield>
    <subfield code="a">006</subfield>
    <subfield code="b">006</subfield>
    <subfield code="c">GEN</subfield>
    <subfield code="d">2022-04-04</subfield>
    <subfield code="l">0</subfield>
    <subfield code="o">628/TWO/2000</subfield>
    <subfield code="p">IOTL0019881</subfield>
    <subfield code="r">2022-04-04 00:00:00</subfield>
    <subfield code="t">5</subfield>
    <subfield code="w">2022-04-04</subfield>
    <subfield code="y">BOOKS</subfield>
  </datafield>
  <datafield tag="952" ind1=" " ind2=" ">
    <subfield code="0">0</subfield>
    <subfield code="1">0</subfield>
    <subfield code="2">ddc</subfield>
    <subfield code="4">0</subfield>
    <subfield code="7">0</subfield>
    <subfield code="a">006</subfield>
    <subfield code="b">006</subfield>
    <subfield code="c">GEN</subfield>
    <subfield code="d">2022-04-04</subfield>
    <subfield code="l">0</subfield>
    <subfield code="o">628/TWO/2000</subfield>
    <subfield code="p">IOTL0019882</subfield>
    <subfield code="r">2022-04-04 00:00:00</subfield>
    <subfield code="t">6</subfield>
    <subfield code="w">2022-04-04</subfield>
    <subfield code="y">BOOKS</subfield>
  </datafield>
  <datafield tag="952" ind1=" " ind2=" ">
    <subfield code="0">0</subfield>
    <subfield code="1">0</subfield>
    <subfield code="2">ddc</subfield>
    <subfield code="4">0</subfield>
    <subfield code="7">0</subfield>
    <subfield code="a">006</subfield>
    <subfield code="b">006</subfield>
    <subfield code="c">GEN</subfield>
    <subfield code="d">2022-04-04</subfield>
    <subfield code="l">0</subfield>
    <subfield code="o">628/TWO/2000</subfield>
    <subfield code="p">IOTL0019883</subfield>
    <subfield code="r">2022-04-04 00:00:00</subfield>
    <subfield code="t">7</subfield>
    <subfield code="w">2022-04-04</subfield>
    <subfield code="y">BOOKS</subfield>
  </datafield>
  <datafield tag="952" ind1=" " ind2=" ">
    <subfield code="0">0</subfield>
    <subfield code="1">0</subfield>
    <subfield code="2">ddc</subfield>
    <subfield code="4">0</subfield>
    <subfield code="7">0</subfield>
    <subfield code="a">006</subfield>
    <subfield code="b">006</subfield>
    <subfield code="c">GEN</subfield>
    <subfield code="d">2022-12-01</subfield>
    <subfield code="l">0</subfield>
    <subfield code="o"> 	628/TWO/2000</subfield>
    <subfield code="p">IOTL0021910</subfield>
    <subfield code="r">2022-12-01 00:00:00</subfield>
    <subfield code="t">8</subfield>
    <subfield code="w">2022-12-01</subfield>
    <subfield code="y">BOOKS</subfield>
  </datafield>
  <datafield tag="952" ind1=" " ind2=" ">
    <subfield code="0">0</subfield>
    <subfield code="1">0</subfield>
    <subfield code="2">ddc</subfield>
    <subfield code="4">0</subfield>
    <subfield code="7">0</subfield>
    <subfield code="a">006</subfield>
    <subfield code="b">006</subfield>
    <subfield code="c">GEN</subfield>
    <subfield code="d">2022-12-01</subfield>
    <subfield code="l">0</subfield>
    <subfield code="o"> 	628/TWO/2000</subfield>
    <subfield code="p">IOTL0021911</subfield>
    <subfield code="r">2022-12-01 00:00:00</subfield>
    <subfield code="t">9</subfield>
    <subfield code="w">2022-12-01</subfield>
    <subfield code="y">BOOKS</subfield>
  </datafield>
  <datafield tag="952" ind1=" " ind2=" ">
    <subfield code="0">0</subfield>
    <subfield code="1">0</subfield>
    <subfield code="2">ddc</subfield>
    <subfield code="4">0</subfield>
    <subfield code="7">0</subfield>
    <subfield code="a">006</subfield>
    <subfield code="b">006</subfield>
    <subfield code="c">GEN</subfield>
    <subfield code="d">2023-10-11</subfield>
    <subfield code="l">0</subfield>
    <subfield code="o"> 	628/TWO/2000</subfield>
    <subfield code="p">IOTL0022823</subfield>
    <subfield code="r">2023-10-11 00:00:00</subfield>
    <subfield code="t">10</subfield>
    <subfield code="w">2023-10-11</subfield>
    <subfield code="y">BOOKS</subfield>
  </datafield>
  <datafield tag="952" ind1=" " ind2=" ">
    <subfield code="0">0</subfield>
    <subfield code="1">0</subfield>
    <subfield code="2">ddc</subfield>
    <subfield code="4">0</subfield>
    <subfield code="7">0</subfield>
    <subfield code="a">006</subfield>
    <subfield code="b">006</subfield>
    <subfield code="c">GEN</subfield>
    <subfield code="d">2023-10-11</subfield>
    <subfield code="l">0</subfield>
    <subfield code="o"> 	628/TWO/2000</subfield>
    <subfield code="p">IOTL0022824</subfield>
    <subfield code="r">2023-10-11 00:00:00</subfield>
    <subfield code="t">11</subfield>
    <subfield code="w">2023-10-11</subfield>
    <subfield code="y">BOOKS</subfield>
  </datafield>
  <datafield tag="952" ind1=" " ind2=" ">
    <subfield code="0">0</subfield>
    <subfield code="1">0</subfield>
    <subfield code="2">ddc</subfield>
    <subfield code="4">0</subfield>
    <subfield code="7">0</subfield>
    <subfield code="a">006</subfield>
    <subfield code="b">006</subfield>
    <subfield code="c">GEN</subfield>
    <subfield code="d">2023-10-11</subfield>
    <subfield code="l">0</subfield>
    <subfield code="o"> 	628/TWO/2000</subfield>
    <subfield code="p">IOTL0022825</subfield>
    <subfield code="r">2023-10-11 00:00:00</subfield>
    <subfield code="t">12</subfield>
    <subfield code="w">2023-10-11</subfield>
    <subfield code="y">BOOKS</subfield>
  </datafield>
  <datafield tag="952" ind1=" " ind2=" ">
    <subfield code="0">0</subfield>
    <subfield code="1">0</subfield>
    <subfield code="2">ddc</subfield>
    <subfield code="4">0</subfield>
    <subfield code="7">0</subfield>
    <subfield code="a">006</subfield>
    <subfield code="b">006</subfield>
    <subfield code="c">GEN</subfield>
    <subfield code="d">2023-10-11</subfield>
    <subfield code="l">0</subfield>
    <subfield code="o"> 	628/TWO/2000</subfield>
    <subfield code="p">IOTL0022826</subfield>
    <subfield code="r">2023-10-11 00:00:00</subfield>
    <subfield code="t">13</subfield>
    <subfield code="w">2023-10-11</subfield>
    <subfield code="y">BOOKS</subfield>
  </datafield>
  <datafield tag="952" ind1=" " ind2=" ">
    <subfield code="0">0</subfield>
    <subfield code="1">0</subfield>
    <subfield code="2">ddc</subfield>
    <subfield code="4">0</subfield>
    <subfield code="7">0</subfield>
    <subfield code="a">006</subfield>
    <subfield code="b">006</subfield>
    <subfield code="c">GEN</subfield>
    <subfield code="d">2023-10-11</subfield>
    <subfield code="l">0</subfield>
    <subfield code="o"> 	628/TWO/2000</subfield>
    <subfield code="p">IOTL0022827</subfield>
    <subfield code="r">2023-10-11 00:00:00</subfield>
    <subfield code="t">14</subfield>
    <subfield code="w">2023-10-11</subfield>
    <subfield code="y">BOOKS</subfield>
  </datafield>
</record>
